| 000 | 01467nam a2200337 c 4500 | ||
|---|---|---|---|
| 999 |
_c154910 _d154910 |
||
| 003 | BLK | ||
| 005 | 20200819132735.0 | ||
| 008 | 180410b bul|||||r ||||||| ||bul|| | ||
| 010 | _aKNG00161565000 | ||
| 020 | _a978-954-2915-20-1 | ||
| 040 | _aBLK | ||
| 041 |
_aBUL _cBUL |
||
| 072 | 7 |
_2bullib _aН83 _xЧужда художествена литература Н |
|
| 080 |
_aАвстрийска литература _b821.112(436) _x-2 _z821.112(436)-2 |
||
| 100 | 1 |
_aХандке, Петер _eпърви автор _9136052 |
|
| 139 |
_aХандке, Петер _bХ 25 |
||
| 245 | 1 | 0 |
_aДокато денят ви раздели _cПетер Хандке; прев. от нем. Владко Данаилов Мурдаров. |
| 245 | 1 | 0 |
_aХубавите дни от Аранхуес _bПиеси |
| 257 | _aAUT | ||
| 260 |
_bBlack Flamingo Publ. _c2012 _fХасково : Полиграфюг |
||
| 300 |
_a96 с. _c21 см |
||
| 380 | _aX | ||
| 500 | _aОриг. заг.: Bis da? der Tag euch scheidet odetr Eine Frage des Lichts - Ein Monolog ; Die Schonen Tage von Aranjues - Ein Sommerdialog / Peter Handken. | ||
| 659 | _aН | ||
| 700 | 1 |
_aМурдаров, Владко Данаилов _eпрев. от нем. _9366170 |
|
| 852 | _aЦб 269189 | ||
| 856 | 4 | _qpdf | |
| 856 | 4 | _qpdf | |
| 942 |
_cKNG _n0 _s1 _05 |
||
| 944 |
_aCR _c03.06.2014 _kВиолета_Тройчева |
||
| 944 |
_aED _c13.02.2015 _kГрета_Цуфелде |
||
| 999 | _d154910 | ||
| 999 | _d154910 | ||